Vista normal
Vista MARC
- Orientación profesional
Entrada Materia
Número de registros utilizados en: 4
001 - NÚMERO DE CONTROL
- campo de control: 1502
003 - IDENTIFICADOR DEL NÚMERO DE CONTROL
- campo de control: ES-MaFIAP
005 - FECHA Y HORA DE LA ÚLTIMA TRANSACCIÓN
- campo de control: 20231113101900.0
008 - DATOS DE LONGITUD FIJA
- campo de control de longitud fija: 231113|| aca||aabn | a|a d
040 ## - FUENTE DE LA CATALOGACIÓN
- Centro catalogador/agencia de origen: ES-MaFIAP
- Centro/agencia transcriptor: ES-MaFIAP
150 ## - ENCABEZAMIENTO--TÉRMINO DE MATERIA
- Término de materia o nombre geográfico como elemento de entrada: Orientación profesional
670 ## - FUENTE DE DATOS ENCONTRADOS
- Cita de la fuente: Work cat.: (ES-MaFIAP)556: Ceniceros Estévez, Juan C. XX1657448 1500, Orientación sociolaboral basada en itinerarios, [2003]





